| 000 | 00741 a2200145 4500 | ||
|---|---|---|---|
| 003 | Nust | ||
| 005 | 20230119181401.0 | ||
| 040 | _cNust | ||
| 082 | _a669,TRA | ||
| 245 |
_aTransactions vaccum metallurgy conference 1969 / _cD T Bourgette (Editor) |
||
| 260 |
_aNew York _bAmerican Vacuum Socity |
||
| 300 | _a650:p | ||
| 505 | _aBehavior Metallic Materials in Vacuum Environments (Page-1), Space Simulation Techniques and Related Studies (Page-113), Materials Processing in Vacuum or Controlled Environment (Page-201), Vacuum Investment Shape Casting (Page-253), Consumable Electrode Melting Processes (Page-349), Vacuum Induction Melting and Vacuum Degassing (Page-431), New Processes for Vacuum Steel Making (Page-545). | ||
| 942 |
_2ddc _cBK |
||
| 999 |
_c184609 _d184609 |
||